War in Melvilles Imagination
Պահպանված է:
| Հիմնական հեղինակ: | |
|---|---|
| Ձևաչափ: | Գիրք |
| Լեզու: | Undetermined |
| Հրապարակվել է: |
New York, Estados Unidos
The Gotham Library
[s.f.]
|
| Խորագրեր: | |
| Ցուցիչներ: |
Ավելացրեք ցուցիչ
Չկան պիտակներ, Եղեք առաջինը, ով նշում է այս գրառումը!
|
MARC
| LEADER | 00000nam a2200000Ia 4500 | ||
|---|---|---|---|
| 008 | 170316s9999 xx 000 0 und d | ||
| 090 | |a C-810 S-4w | ||
| 100 | |a Sparer Adler, Joyce | ||
| 245 | |a War in Melvilles Imagination | ||
| 260 | |a New York, Estados Unidos | ||
| 260 | |b The Gotham Library | ||
| 260 | |c [s.f.] | ||
| 300 | |a 189 páginas | ||
| 650 | |a LITERATURA ESTADOUNIDENSE | ||
| 650 | |a CRÍTICA | ||
| 999 | |c 28237 |d 28237 | ||
| 040 | |a cru BVZT | ||
| 942 | |c 15 D |h C-810 S-4w |2 z | ||
